Polskie miasta z końcówką "pol" - Statystyki

Ogólne statystyki
  • Ten quiz został rozwiązany 44 razy
  • Średni wynik to 3 z 5
Statystyki odpowiedzi
Populacja Miasto Województwo % Poprawnych
2 488 Annopol lubelskie
63%
1 432 Frampol lubelskie
50%
5 355 Koniecpol śląskie
50%
5 197 Terespol lubelskie
50%
1 890 Sępopol warmińsko-mazurskie
45%
Nie znaleziono quizów pasujących do podanych kryteriów
Rozkład punktacji
Procent ludzi z każdym wynikiem
Percentyl według liczby udzielonych odpowiedzi
Twoja historia wyników
Nie rozwiązałeś tego quizu